kku e-library facility

Physics for Scientists and Engineers (Record no. 192)

MARC details
000 -LEADER
fixed length control field 00463nam a2200145 4500
005 - DATE AND TIME OF LATEST TRANSACTION
control field 20260323124824.0
008 - FIXED-LENGTH DATA ELEMENTS--GENERAL INFORMATION
fixed length control field 260323b |||||||| |||| 00| 0 eng d
020 ## - INTERNATIONAL STANDARD BOOK NUMBER
International Standard Book Number 978-1-133-95407-1
100 ## - MAIN ENTRY--PERSONAL NAME
Personal name Serway A. Raymond & Jewett W. John
245 ## - TITLE STATEMENT
Title Physics for Scientists and Engineers
Statement of responsibility, etc. /Raymond A. Serway
250 ## - EDITION STATEMENT
Edition statement 9th ed
260 ## - PUBLICATION, DISTRIBUTION, ETC.
Place of publication, distribution, etc. United States of America;
Name of publisher, distributor, etc. Brooks/Cole Cengage Learning;
Date of publication, distribution, etc. 2014
300 ## - PHYSICAL DESCRIPTION
Extent xxxii, 1232p.ill;
Dimensions 27.5cm
942 ## - ADDED ENTRY ELEMENTS (KOHA)
Source of classification or shelving scheme Library of Congress Classification
Suppress in OPAC No
Koha item type Books

No items available.

©2025 All rights reserved. KKU